000 00929cab a2200265 4500
001 ABS56212
008 090401t1996 xxu||||| |||| 00| 0 eng d
035 _a(Sirsi) u21944
041 _aeng
100 _aPannell, B.
245 _aMoving owner-occupiers
260 _c1996
350 _a0
490 _aHousing Finance
_v(32) November 1996, 16-20(5)
520 _aSeeks to provide an understanding of the importance of comparing the number of first-time buyers and owner occupiers active in the housing market, in determining the prospects for short term recovery.
650 _aFIRST-TIME BUYERS
650 _aPROPERTY-RESIDENTIAL PROPERTY-ACQUISITION AND DISPOSAL OF RESIDENTIAL PROPERTY
650 _aHOUSE SALES
650 _aMOVING HOUSE
650 _aOWNER-OCCUPIERS
650 _aSTATISTICS
690 _aPROPERTY-RESIDENTIAL PROPERTY-RESIDENTIAL PROPERTY MARKET
942 _n0
948 _c04/03/1997
999 _c14704
_d14704